European Musicians Map Quiz - Statistics

General Stats
  • This quiz has been taken 37 times
  • The average score is 7 of 15
Answers on the Map
Answers color-coded by a green-red scale on the quiz's map according to % correct below.
 
Answer Stats
Answer % Correct
Björk
81%
Robbie Williams
81%
Måneskin
75%
David Guetta
72%
Alexander Rybak
53%
Falco
53%
Stromae
53%
Haralds Sīmanis
38%
Skandaali
38%
SunStroke Project
38%
Basshunter
31%
Eduard Khil
25%
Gzuz
25%
Lukas Graham
25%
Dr. Peacock
22%
No matching quizzes found
Score Distribution
Percent of People with Each Score
Percentile by Number Answered
Your Score History
You have not taken this quiz